| 000 | 00411 a2200145 4500 | ||
|---|---|---|---|
| 001 | 166892 | ||
| 020 | _a | ||
| 040 | _cMagnum | ||
| 100 | _aCuberes, Maria Teresa Gonzalez (Org.) | ||
| 240 | 1 | 0 |
_aEducacao infantil e series iniciais: articulacao para a alfabetizacao _lpor |
| 245 | 1 | 0 | _aEducacao infantil e series iniciais: articulacao para a alfabetizacao |
| 362 | 0 | _a1899 | |
| 697 | _aENSINO | ||
| 942 | _cBK | ||
| 999 |
_c166892 _d166892 |
||